Invito alla lettura di Federico Garcia Lorca /
Salvato in:
| Autore principale: | |
|---|---|
| Natura: | Libro |
| Lingua: | italiano |
| Pubblicazione: |
Milano :
Mursia,
1980
|
| Serie: | Invito alla lettura. Sezione italiana ;
34 |
| Tags: |
Nessun Tag, puoi essere il primo ad aggiungerne!!
|
MARC
| LEADER | 00000nam a22000007i 4500 | ||
|---|---|---|---|
| 001 | IT\ICCU\RLZ\0227043 | ||
| 003 | ItRI | ||
| 005 | 20250418141902.0 | ||
| 008 | 020701s1980 it |||||| ||||| |||||c | ||
| 020 | |a 9788842534549 | ||
| 040 | |b ita |c Arcigay Queer VdA | ||
| 041 | 7 | |a ita |2 ISO-639-2 | |
| 100 | 1 | |a Caravaggi, Giovanni |0 IT\ICCU\CFIV\102851 |4 aut | |
| 245 | 1 | 0 | |a Invito alla lettura di Federico Garcia Lorca / |c Giovanni Caravaggi. |
| 260 | |a Milano : |b Mursia, |c 1980 | ||
| 300 | |a 178 p. ; |c 17 cm | ||
| 830 | 0 | |a Invito alla lettura. Sezione italiana ; |v 34 |0 IT\ICCU\CFI\0000363 | |
| 942 | |2 ddc |c BK | ||
| 952 | |0 0 |1 0 |2 ddc |4 0 |6 861_900000000000000_CAR_INV |7 1 |9 3835 |a AO |b AO |d 2025-04-18 |l 0 |o 861.9.CAR INV |p 11077 |r 2025-04-18 14:20:09 |w 2025-04-18 |x Di proprietà di Giulio Gasperini |y BK | ||
| 981 | 1 | |6 z01 |a i |b xxxe | |
| 982 | 1 | |6 z01 |a n | |
| 999 | |c 2990 |d 2990 | ||